Integrovaný manažérsky systém v spoločnosti A.S.A. Slovensko

Bibliographic Details
Main Author: Klestincová, Ingrid (Author)
Format: Article
Language:Slovak
PhysicalDescription:Fotogr.
ISSN:1335-1877
Subjects:

MARC

LEADER 00000nab a2200000 a 4500
001 vtls000831616
003 SK-MaSNL
005 20260304233954.0
008 250429c2002 xo 0 slo
015 |a SNBRB2003/04-10518 
035 |a CLN000183271 
035 |a urn:nbn:sk:snk-ab6j4c 
035 |a (uuid)20389fb5-299e-4024-91a0-865f31526652 
035 |a (urnnbn)urn:nbn:sk:snk:ar-004h5d 
035 |a (sysno)vtls000831616 
040 |a SNKBUCL  |b slo  |c SNKBUCL  |e AACR2 
041 0 |a slo 
044 |a xo  |c SK 
080 |a 628.4:061.5(437.6)  |2 1997 
080 |a 504.064.4(437.6)  |2 1997 
080 |a 658.11.012.43(437.6)  |2 1997 
100 1 |a Klestincová, Ingrid  |4 aut  |9 1427072 
245 1 0 |a Integrovaný manažérsky systém v spoločnosti A.S.A. Slovensko  |c Ingrid Klestincová 
300 |b Fotogr. 
610 7 |a A.S.A. (Slovensko)  |x manažment environmentálny  |2 snkbucl  |9 1570223 
650 0 7 |a environmentálny manažment  |2 snkbucl  |9 3638 
650 0 7 |a odpadové hospodárstvo  |2 snkbucl  |9 3603 
655 7 |a články z novín a časopisov  |2 snkbucl  |9 267496 
773 0 |t Enviromagazín  |g Roč. 7, č. 6 (2002), s. 22-23  |x 1335-1877 
850 |a Slovenská národná knižnica 
852 |a Slovenská národná knižnica 
954 |a odborná, vedecká literatúra pôvodná (slovenská)  |2 lita 
958 |a article27 
958 |a SK 
958 |a OND 
958 |a EUIPO 
992 |a RBX 
999 |c 3201280  |d 3203210